Los países con las economías mas grandes de la decada de los 2000 - Estadísticas

Estadísticas generales
  • Esta prueba ha sido intentada 51 veces
  • La puntuación promedio es 10 de 10
Estadísticas de respuestas
Total del PIB NOMINAL en miles de millones de dólares País % Correcto
$5,301,055 China
100%
$2,441,452 Reino Unido
100%
$14,606,190 Estados Unidos de América
98%
$2,686,596 Francia
98%
$2,184,141 Italia
98%
$3,406,409 Alemania
96%
$1,474,908 España
96%
$5,394,888 Japón
96%
$1,790,291 Brasil
88%
$1,442,376 India
86%
No se encontraron pruebas coincidentes
Distribución de puntuación
Porcentaje de gente con cada puntuación
Porcentaje por número respondido
Historial de tus puntuaciones
No has intentado esta prueba.